01430nam a22002657a 4500003000400000005001700004008004100021020001800062082002000080100002200100245011500122260004600237300001400283500007600297546001200373650002800385700002600413942001200439999001700451952016300468952016300631952011800794952012600912952012601038OSt20260209151016.0210705b ||||| |||| 00| 0 eng d a9789386235190 a541.2bM89G222 aMukherjee, Asok K aGroup theory in chemistry cby Asok K Mukherjee and Bankim Chandra Ghoshb: bonding and molecular spectroscopy aHyderabadbUniversities Pressc2018, 2020 axi, 516p. aAcc No 38124 year 2020. Acc. No.39651-52: The publication year is 2020. aEnglish 2Chemistry--Group theory aGhosh, Bankim Chandra 2ddccBK c24447d24447 00102ddc40708TXBaCURAJbCURAJcCHMd2021-09-10eTechnical Bureaug825.00iTB2972/02/03/2021l5o541.2 M89Gp36139r2025-12-22s2025-12-10w2021-07-05yBK 00102ddc40708TXBaCURAJbCURAJcCHMd2021-09-10eTechnical Bureaug825.00iTB2972/02/03/2021l5o541.2 M89Gp36140r2025-11-19s2025-11-07w2021-07-05yBK 00102ddc40708TXBaCURAJbCURAJd2022-07-14eCHMl7o541.2 M89Gp38124r2025-11-19s2025-11-07w2022-07-14yBK 00102ddc40708TXBaCURAJbCURAJd2023-06-16eCHMg875.00l5o541.2 M89Gp39651r2025-12-16s2025-12-08w2023-06-16yBK 00102ddc40708TXBaCURAJbCURAJd2023-06-16eCHMg875.00l4o541.2 M89Gp39652r2025-12-22s2025-12-12w2023-06-16yBK